| 000 | 004990000a22001690004500 | ||
|---|---|---|---|
| 003 | MACL | ||
| 005 | 20160105131429.0 | ||
| 008 | 160105b xxu||||| |||| 00| 0 eng d | ||
| 040 |
_aMACL _cMACL |
||
| 041 | _aEnglish | ||
| 082 | _a808/BHA | ||
| 100 |
_aUtgikar, Narayana Bapuji _927950 |
||
| 245 |
_aCollected Works of Sir R G Bhandarkar _bVolume 1 |
||
| 260 |
_bBhandarkar Oriental Research Institute _c1933 _aPuna |
||
| 650 |
_aRhetoric & Collection of Literature _99082 |
||
| 942 |
_cBK _k808/BAP _2ddc |
||
| 999 |
_c35319 _d35319 |
||